Vizualizácia údajov pomocou doplnkov Power View a Power map v Microsoft Excel
Potenciál doplnkov Power View a Power Map programu Microsoft Excel na vizualizáciu demografických údajov vo forme máp.
Uložené v:
| Hlavný autor: | |
|---|---|
| Médium: | Kapitola |
| Jazyk: | Slovak |
| Predmet: | |
| Tagy: |
Žiadne tagy, Buďte prvý, kto otaguje tento záznam!
|
MARC
| LEADER | 00000naa a2200000 4500 | ||
|---|---|---|---|
| 001 | 0226162 | ||
| 005 | 20240502073720.5 | ||
| 041 | 0 | |a slo | |
| 044 | |a SK | ||
| 245 | 1 | 0 | |a Vizualizácia údajov pomocou doplnkov Power View a Power map v Microsoft Excel |c Vladimír Mucha |
| 520 | |a Potenciál doplnkov Power View a Power Map programu Microsoft Excel na vizualizáciu demografických údajov vo forme máp. | ||
| 610 | 2 | 0 | |a systémy informačné |
| 610 | 2 | 0 | |a programy počítačové |
| 610 | 2 | 0 | |a ukazovatele demografické |
| 100 | 1 | |a Mucha, Vladimír, 1976- | |